00447nam a2200205Ia 4500003000900000005001700009008004100026040001300067040001300080041000800093100001600101245004600117250000900163260000800172260000900180300001100189300001000200490002500210490000600235IT-RoPAU20220918175755.0120407s9999 xx 000 0 und d aIT-RoPAU cIT-RoPAU aita aMax Thurian aSacerdozio e ministero. Ricerca ecumenica aRoma aAve c1971 a224 p. c21 cm a(Teologia oggi, 19) v1